| 000 | 00790nam a22002537a 4500 | ||
|---|---|---|---|
| 003 | OSt | ||
| 005 | 20220107122811.0 | ||
| 008 | 160418b xxu||||| |||| 00| 0 eng d | ||
| 020 | _a9781420053418 | ||
| 040 | _cIIITMK | ||
| 082 | _a621.3678 KAL/H | ||
| 100 |
_aKalacska, Margaret _98945 |
||
| 245 |
_aHyperspectral remote sensing of tropical and sub-tropical forests. _cMargaret Kalacska [et. al.]... (Eds.) |
||
| 260 |
_aBoca Raton, _bCRC Press, _c2008 |
||
| 300 |
_axxv, 320p. _bCD ROM |
||
| 650 |
_aGEOGRAPHICAL INFORMATION SYSTEMS _98946 |
||
| 650 |
_aGIS _98947 |
||
| 650 |
_aREMOTE SENSING _98948 |
||
| 650 |
_aIMAGE PROCESSING _98949 |
||
| 650 |
_aSUB-TROPICAL FOREST _98950 |
||
| 650 |
_aHYPERSPECTRAL _98951 |
||
| 700 |
_aArturo Sánchez-Azofeifa, G. _98952 |
||
| 942 |
_2ddc _cBK |
||
| 999 |
_c5078 _d5078 |
||